00824nam a2200181 a 4500008004100000050001500041100002300056245009900079250001200178260004200190300001600232350000900248650002300257650001600280995018300296999001700479952014600496111014s1925 ||||||||||||||||| || u aRK 270 Mac aMcCoy, James David10aDental and oral radiography: a textbook for students and practitioners of dentistry. (3rd ed.) a3rd ed. aSt. Louis:bC. V. Mosby Companyc1925 a197. : ill. a0.00 0aDENTISTRY--ATLASES aRADIOGRAPHY aMEDICAL LIBRARY OPEN ACCESSD0.00e901313FCBU-SCHOOL OF MEDICINE LIBRARY (Ndola)H1I0.00jRK 270 MACM1UAVAILABLEWOct 14, 2011y901313ZMedical Library Open Access Collection c31226d31226 00102lcc4070a002b008cMedical Library Open Access Collectiond2022-11-30l1oRK 270 Macp901313r2024-09-05s2024-08-22w2022-11-30y002